000 00398pab a2200157 454500
008 180718b2013 xxu||||| |||| 00| 0 eng d
100 _aBoustan, Leah Platt
245 _aLocal public goods and the demand or high-income municipalities
260 _c2013
300 _ap.71-82.
362 _aJul
650 _aIncome
773 _aJournal of Urban Economics
908 _aN
909 _a101627
999 _c101625
_d101625